| 000 | 01147nam0a2200289 4500 | ||
|---|---|---|---|
| 001 | RU\NLR\bibl\2049806 | ||
| 005 | 20250616220926.0 | ||
| 010 |
_a978-5-7205-0917-0 _93000 |
||
| 035 | _a(NLR Aleph) 002036863 | ||
| 090 |
_a4577079 _c4577079 |
||
| 100 | _a20130703d2007 |||y0rusy50 ca | ||
| 101 | 0 | _arus | |
| 102 | _aRU | ||
| 105 | _aa ||||||||| | ||
| 200 | 1 |
_aТеррор и заговоры в России (XIV - XXI вв.) _fВ.В. Вахания |
|
| 210 |
_aМосква _cЮстицинформ _d2007 |
||
| 215 |
_a277, [3] с., [24] л. цв. ил., портр., факс. _cил., портр. _d22 |
||
| 300 | _aНа 4-й с. обл. авт.: Вахания В.В., д.ю.н., акад., лауреат премии М.В. Ломоносова | ||
| 320 | _aБиблиогр.: с. 271-278 | ||
| 606 | 1 |
_aЗаговоры политические _yРоссия _92124103 _3RU\NLR\auth\661282297 |
|
| 686 | _aТ3(2)7,02 | ||
| 700 | 1 |
_aВахания _bВ. В. _gВладимир Виссарионович _4070 |
|
| 801 | 0 |
_aRU _bNLR _c20130703 _gRCR |
|
| 801 | 1 |
_aRU _bNLR _c20130703 |
|
| 942 | _cBOOK | ||
| 980 | _aNB | ||